000 00605nam a2200241Ia 4500
003 OSt
005 20221005115820.0
006 a|||||r|||| 00| 0
007 ta
008 221004b |||||||| |||| 00| 0 eng d
024 _a69389
037 _cTextual
040 _aCRL
_cCRL
_beng
041 _2eng
_aeng
082 _aY:393n73:N77, N4
100 _aDeetz Stanley A
_9628153
245 0 _aCommunication yearbook 1994
260 _c1994
300 _a624p.
_ccm.
650 _aSOCIOLOGY
942 _hY:393n73:N77, N4
_cTEXL
_2cc
999 _c1035990
_d1035990